[Event "Geneve Cavaliers Fous op 8th"]
[Site "Geneve"]
[Date "2022.10.14"]
[Round "6"]
[White "Jourdain, Louis"]
[Black "Thompson, Charles William"]
[Result "1-0"]
[WhiteElo "1114"]
[BlackElo "1256"]
[PlyCount "37"]
[EventDate "2022.09.02"]
[EventType "swiss"]
[EventRounds "7"]
[EventCountry "SUI"]
[SourceTitle "EXT 2024"]
[Source "ChessBase"]
[SourceDate "2023.10.10"]
[SourceVersion "1"]
[SourceVersionDate "2023.10.10"]
[SourceQuality "1"]

1. e4 e5 2. Bc4 Bc5 3. Nf3 Nf6 4. Ng5 h6 5. Nxf7 Ke7 6. Nxh8 Qxh8 7. d3 d6 8. Nc3 Nc6 9. Be3 Be6 10. Bxe6 Kxe6 11. Bxc5 dxc5 12. 0-0 Nd4 13. Ne2 Nc6 14. Ng3 Qe8 15. c3 g6 16. Qb3+ Kd7 17. Rac1 Na5 18. Qb5+ Kc8 19. Qxa5 1-0

[Event "Geneve Cavaliers Fous op 8th"]
[Site "Geneve"]
[Date "2022.09.23"]
[Round "3"]
[White "Jourdain, Louis"]
[Black "Daverio, Edoardo"]
[Result "0-1"]
[WhiteElo "1114"]
[BlackElo "1970"]
[PlyCount "66"]
[EventDate "2022.09.02"]
[EventType "swiss"]
[EventRounds "7"]
[EventCountry "SUI"]
[SourceTitle "EXT 2024"]
[Source "ChessBase"]
[SourceDate "2023.10.10"]
[SourceVersion "1"]
[SourceVersionDate "2023.10.10"]
[SourceQuality "1"]

1. d4 Nf6 2. Bf4 e6 3. Nf3 Be7 4. e3 0-0 5. Bd3 d5 6. 0-0 c5 7. c4 Nc6 8. dxc5 Bxc5 9. Nc3 Re8 10. Nb5 e5 11. cxd5 Nxd5 12. Be4 exf4 13. Bxd5 fxe3 14. fxe3 Bxe3+ 15. Kh1 Be6 16. Bxc6 bxc6 17. Qxd8 Rexd8 18. Nc7 Rab8 19. Nxe6 fxe6 20. Ne5 Rxb2 21. Nxc6 Re8 22. Rf3 Bb6 23. Raf1 h6 24. Ra3 e5 25. h3 e4 26. Re1 e3 27. Nxa7 e2 28. Kh2 Bf2 29. Ra1 Rd2 30. Rb3 Rd1 31. Rbb1 Red8 32. Rb2 e1Q 33. Rxd1 Bg1+ 0-1